[Event "HUN-chT 2223"]
[Site "Hungary"]
[Date "2023.02.12"]
[Round "5.7"]
[White "Bokorovics, Bertalan"]
[Black "Fogarasi, Tibor"]
[Result "1/2-1/2"]
[WhiteElo "2121"]
[BlackElo "2325"]
[PlyCount "116"]
[EventDate "2022.11.20"]
[EventType "team-tourn"]
[EventRounds "9"]
[EventCountry "HUN"]
[SourceTitle "CBM 213 Extra"]
[Source "ChessBase"]
[SourceDate "2023.05.31"]
[SourceVersion "1"]
[SourceVersionDate "2023.05.31"]
[SourceQuality "1"]
[WhiteTeam "Budapest MTK"]
[BlackTeam "Biatorbagy"]
[WhiteTeamCountry "HUN"]
[BlackTeamCountry "HUN"]

1. e4 c5 2. Nf3 Nc6 3. d4 cxd4 4. Nxd4 Qb6 5. Nb3 Nf6 6. Nc3 e6 7. Qe2 Qc7 8. g4 Bb4 9. Bd2 Bxc3 10. Bxc3 Qf4 11. f3 0-0 12. Bd2 Qc7 13. 0-0-0 d5 14. g5 Nh5 15. Qf2 dxe4 16. Qh4 g6 17. fxe4 a5 18. Kb1 a4 19. Nc1 a3 20. b3 Nd4 21. Bd3 Nf3 22. Qf2 Nxd2+ 23. Qxd2 Qe5 24. c3 Bd7 25. Ne2 Bc6 26. Qe3 Rfd8 27. Nd4 Qc5 28. Bc2 Rac8 29. Rhf1 Be8 30. Rf3 e5 31. Ne2 Rxd1+ 32. Bxd1 Qd6 33. Bc2 Bb5 34. Bd3 Bxd3+ 35. Qxd3 Qc7 36. Qe3 Rd8 37. Kc2 b5 38. Rf1 Qd7 39. Ng1 Nf4 40. Nf3 Qh3 41. Rd1 Rc8 42. Qf2 Qe6 43. Qd2 Qc6 44. Qe3 Qc7 45. h4 Ng2 46. Qd3 Qc5 47. Kb1 Nf4 48. Qd2 Qxc3 49. Qxc3 Rxc3 50. Nxe5 Ne2 51. Nd3 Kf8 52. Nc1 Nxc1 53. Rxc1 Re3 54. Rc5 Re1+ 55. Kc2 Ra1 56. Rxb5 Rxa2+ 57. Kd3 Ke7 58. Ra5 Ke6 1/2-1/2

[Event "HUN-chT U18"]
[Site "Budapest"]
[Date "2022.11.01"]
[Round "2.2"]
[White "Bokorovics, Bertalan"]
[Black "Onodi, Tamas"]
[Result "1-0"]
[WhiteElo "2123"]
[BlackElo "2070"]
[PlyCount "105"]
[EventDate "2022.10.31"]
[EventType "team-swiss"]
[EventRounds "7"]
[EventCountry "HUN"]
[SourceTitle "CBM 211 Extra"]
[Source "ChessBase"]
[SourceDate "2023.01.31"]
[SourceVersion "1"]
[SourceVersionDate "2023.01.31"]
[SourceQuality "1"]
[WhiteTeam "Budapest MTK"]
[BlackTeam "Kekesi SE"]
[WhiteTeamCountry "HUN"]
[BlackTeamCountry "HUN"]

1. e4 c5 2. Nf3 Nf6 3. Nc3 d5 4. exd5 Nxd5 5. Bb5+ Bd7 6. Ne5 Nf6 7. Qf3 Qc8 8. Nxd7 Nbxd7 9. b3 e6 10. Bb2 a6 11. Bxd7+ Qxd7 12. 0-0-0 Be7 13. Kb1 0-0-0 14. Na4 Qc6 15. Qxc6+ bxc6 16. f3 Kb7 17. Ba3 Rd5 18. d4 Rhd8 19. c3 e5 20. Rde1 Nd7 21. dxe5 Rd2 22. g3 f6 23. e6 Ne5 24. Bxc5 Bxc5 25. Nxc5+ Kb6 26. Ne4 R2d3 27. f4 Nf3 28. Re2 f5 29. Ng5 Nxg5 30. fxg5 Rxc3 31. Rf1 g6 32. Rf4 Re8 33. Rd4 Re7 34. Rd7 Rxd7 35. exd7 Kc7 36. Re7 Rd3 37. Rxh7 Rd2 38. Rh6 Kxd7 39. Rxg6 Rxh2 40. Rf6 Rg2 41. Rxf5 Rxg3 42. Kb2 Kd6 43. Ka3 Rg4 44. b4 Rg2 45. Kb3 Ke6 46. Rc5 Kd6 47. Ra5 Rg4 48. a3 Kc7 49. Kc3 Kb6 50. Kd3 Rg3+ 51. Ke4 Rg4+ 52. Kf5 Rg1 53. g6 1-0

[Event "Hello Sakk Cup Alekhine"]
[Site "Tornelo INT"]
[Date "2021.02.27"]
[Round "6"]
[White "Borhy, Marcell Boldizsar"]
[Black "Bokorovics, Bertalan"]
[Result "1-0"]
[WhiteElo "2392"]
[BlackElo "2130"]
[PlyCount "65"]
[EventDate "2021.02.20"]
[EventType "tourn (rapid)"]
[EventRounds "7"]
[EventCountry "HUN"]
[SourceTitle "CBM 200 Extra"]
[Source "ChessBase"]
[SourceDate "2021.03.31"]
[SourceVersion "1"]
[SourceVersionDate "2021.03.31"]
[SourceQuality "1"]

1. g4 d5 2. e3 e5 3. Bg2 Be6 4. Nc3 Bb4 5. d4 Nc6 6. dxe5 Nxe5 7. Qd4 Qd6 8. Bd2 c5 9. Qf4 0-0-0 10. h3 f6 11. 0-0-0 Ne7 12. Nge2 Kb8 13. Kb1 h5 14. gxh5 Rxh5 15. Nb5 Qb6 16. Bxb4 Qxb5 17. Bc3 Qxe2 18. Bf3 N7g6 19. Bxe2 Nxf4 20. exf4 Rf5 21. fxe5 Rxf2 22. Rd2 d4 23. Bg4 Rxd2 24. Bxd2 Bxg4 25. hxg4 fxe5 26. Re1 Re8 27. Rxe5 Rxe5 28. Bf4 g6 29. Bxe5+ Kc8 30. b4 cxb4 31. Bxd4 a6 32. Kb2 Kd7 33. Kb3 1-0

[Event "Hello Sakk Cup Alekhine"]
[Site "Tornelo INT"]
[Date "2021.02.20"]
[Round "1"]
[White "Pasztor, Balazs"]
[Black "Bokorovics, Bertalan"]
[Result "1-0"]
[WhiteElo "2200"]
[BlackElo "2130"]
[PlyCount "101"]
[EventDate "2021.02.20"]
[EventType "tourn (rapid)"]
[EventRounds "7"]
[EventCountry "HUN"]
[SourceTitle "CBM 200 Extra"]
[Source "ChessBase"]
[SourceDate "2021.03.31"]
[SourceVersion "1"]
[SourceVersionDate "2021.03.31"]
[SourceQuality "1"]

1. e4 c5 2. Nf3 e6 3. d4 cxd4 4. Nxd4 a6 5. Bd3 Qc7 6. Qe2 d6 7. c4 Nf6 8. Nc3 g6 9. 0-0 Bg7 10. Be3 Nbd7 11. Rfd1 0-0 12. Rac1 b6 13. f3 Bb7 14. Qf2 Rac8 15. Bf1 Qb8 16. b4 d5 17. exd5 exd5 18. cxd5 Nxd5 19. Nxd5 Bxd5 20. Bxa6 Rxc1 21. Rxc1 Re8 22. Bb5 Rd8 23. Nc6 Bxc6 24. Bxc6 Qd6 25. a3 h6 26. g3 Qd3 27. Kg2 Ne5 28. Bxb6 Nxc6 29. Rxc6 Re8 30. Rc2 Qxa3 31. Bc5 Qd3 32. Qd2 Qb5 33. Kf2 Bf6 34. Qd5 Rd8 35. Qe4 Kg7 36. Re2 Qd7 37. Kg2 Qb5 38. h3 Qd7 39. h4 h5 40. Qc4 Qd3 41. Qxd3 Rxd3 42. Re8 Rb3 43. Bf8+ Kh7 44. Rb8 Bg7 45. Bc5 Rb2+ 46. Kh3 Be5 47. Rb7 Kg7 48. f4 Bf6 49. b5 Bc3 50. b6 Bb4 51. Bd4+ 1-0

[Event "Budapest FS07 FM-B"]
[Site "Budapest"]
[Date "2020.07.10"]
[Round "6"]
[White "Mayer, Istvan"]
[Black "Bokorovics, Bertalan"]
[Result "0-1"]
[WhiteElo "1920"]
[BlackElo "1691"]
[PlyCount "46"]
[EventDate "2020.07.04"]
[EventType "tourn"]
[EventRounds "10"]
[EventCountry "HUN"]
[SourceTitle "CBM 197 Extra"]
[Source "ChessBase"]
[SourceDate "2020.09.30"]
[SourceVersion "1"]
[SourceVersionDate "2020.09.30"]
[SourceQuality "1"]

1. e4 c5 2. Nf3 e6 3. d4 cxd4 4. Nxd4 a6 5. c4 Nf6 6. Bd3 Nc6 7. Nxc6 dxc6 8. 0-0 e5 9. Nc3 Bc5 10. Bg5 h6 11. Bh4 Qe7 12. Qa4 0-0 13. Be2 Rb8 14. a3 b5 15. Qc2 a5 16. Bg3 Bd4 17. Nd1 Be6 18. Re1 Rfc8 19. Ne3 Bxe3 20. fxe3 Nd7 21. b4 c5 22. cxb5 axb4 23. Qa4 bxa3 0-1

[Event "Budapest FS07 FM-B"]
[Site "Budapest"]
[Date "2020.07.06"]
[Round "3"]
[White "Bokorovics, Bertalan"]
[Black "Bognar, Attila"]
[Result "0-1"]
[WhiteElo "1691"]
[BlackElo "1896"]
[PlyCount "52"]
[EventDate "2020.07.04"]
[EventType "tourn"]
[EventRounds "10"]
[EventCountry "HUN"]
[SourceTitle "CBM 197 Extra"]
[Source "ChessBase"]
[SourceDate "2020.09.30"]
[SourceVersion "1"]
[SourceVersionDate "2020.09.30"]
[SourceQuality "1"]

1. e4 c5 2. Nf3 g6 3. d4 cxd4 4. Nxd4 Nf6 5. Nc3 Nc6 6. Be3 Bg7 7. Bc4 Qa5 8. 0-0 d6 9. Nb3 Qc7 10. h3 0-0 11. f4 a6 12. a4 b6 13. g4 Nb4 14. Be2 Bb7 15. Bf3 d5 16. e5 Ne4 17. Bd4 f6 18. a5 bxa5 19. Nxa5 fxe5 20. fxe5 Rad8 21. Nxb7 Qxb7 22. Ra4 e6 23. Kg2 Ng5 24. Bc5 Rxf3 25. Rxb4 Qc6 26. Ne4 Rxf1 0-1

[Event "Budapest FS07 FM-B"]
[Site "Budapest"]
[Date "2020.07.05"]
[Round "2"]
[White "Toth, Rafael"]
[Black "Bokorovics, Bertalan"]
[Result "0-1"]
[WhiteElo "1383"]
[BlackElo "1691"]
[PlyCount "148"]
[EventDate "2020.07.04"]
[EventType "tourn"]
[EventRounds "10"]
[EventCountry "HUN"]
[SourceTitle "CBM 197 Extra"]
[Source "ChessBase"]
[SourceDate "2020.09.30"]
[SourceVersion "1"]
[SourceVersionDate "2020.09.30"]
[SourceQuality "1"]

1. e4 c5 2. Nf3 e6 3. d4 cxd4 4. Nxd4 a6 5. Nc3 Qc7 6. Bd3 Nf6 7. 0-0 d6 8. f4 Nbd7 9. Qf3 b5 10. a4 b4 11. Nb1 Bb7 12. Be3 Be7 13. Nd2 Nc5 14. b3 0-0 15. g4 d5 16. e5 Nfe4 17. h3 Nxd2 18. Bxd2 Ne4 19. Be3 Bc5 20. Ne2 Nd2 21. Qf2 Bxe3 22. Qxe3 Nxf1 23. Rxf1 d4 24. Nxd4 Qc5 25. Nf5 Qxe3+ 26. Nxe3 Rfd8 27. Nc4 Kf8 28. Nd6 Bd5 29. Re1 Ke7 30. Be4 Rxd6 31. exd6+ Kxd6 32. Kf2 Rc8 33. Bd3 a5 34. g5 Rc3 35. Re3 Rc8 36. h4 Rh8 37. h5 h6 38. g6 f6 39. Be4 Bxe4 40. Rxe4 Rc8 41. Re2 Rc5 42. Rd2+ Kc7 43. Re2 Kd6 44. Rd2+ Ke7 45. Ke3 Rxh5 46. Rd4 Rh3+ 47. Kd2 Rc3 48. Re4 Rc5 49. Re3 Kd6 50. Rf3 h5 51. Rh3 Kc6 52. Rh4 Rf5 53. Ke3 Kd6 54. Kd4 e5+ 55. fxe5+ Rxe5 56. Kc4 Rg5 57. Kd3 Rg3+ 58. Kd2 Rxg6 59. Rxh5 Rg5 60. Rh8 Rd5+ 61. Ke3 Rc5 62. Kd3 g5 63. Rg8 Ke5 64. Re8+ Kf5 65. Rh8 Kf4 66. Rh6 f5 67. Rg6 g4 68. Rg7 Kf3 69. Rg5 g3 70. Kd4 Rxc2 71. Rxf5+ Kg2 72. Rxa5 Rc3 73. Ra8 Rxb3 74. a5 Kf2 0-1